Word Scramble - Languages - Statistics

General Stats
  • This quiz has been taken 111 times
  • The average score is 5 of 10
Answer Stats
Language % Correct
Armenian
100%
Azerbaijani
100%
Berber
100%
Chinese
100%
Czech
100%
Filipino
100%
Greek
100%
Irish
100%
Kazakh
100%
Korean
100%
Kurdish
100%
Lao
100%
Malay
100%
Māori
100%
Mongolian
100%
Slovak
100%
Swahili
100%
Tongan
100%
Tuvaluan
100%
Uzbek
100%
French
83%
Arabic
80%
Fijian
80%
Quechua
80%
Spanish
80%
Dutch
75%
Kyrgyz
75%
Zulu
75%
Tamil
71%
Afrikaans
67%
Bengali
67%
Latvian
67%
Portuguese
67%
Somali
67%
Swazi
67%
Luxembourgish
63%
Albanian
60%
Dzongkha
60%
Italian
60%
Malay
60%
Belarusian
50%
Catalan
50%
Estonian
50%
Finnish
50%
Georgian
50%
Hebrew
50%
Hungarian
50%
Khmer
50%
Kirundi
50%
Nauruan
50%
Palauan
50%
Samoan
50%
Thai
50%
Turkish
50%
Turkmen
50%
Vietnamese
50%
Burmese
43%
Japanese
43%
German
40%
Lithuanian
40%
Pashto
40%
Sango
40%
Bulgarian
33%
Danish
33%
English
33%
Nepali
33%
Polish
33%
Sámi
33%
Slovene
33%
Swedish
33%
Tigrinya
33%
Ukrainian
33%
Venda
33%
Xhosa
33%
Romanian
27%
Macedonian
25%
Malagasy
25%
Norwegian
25%
Persian
25%
Sotho
25%
Tswana
25%
Icelandic
20%
Russian
20%
Maltese
17%
Amharic
0%
Aymara
0%
Bislama
0%
Chewa
0%
Comorian
0%
Gilbertese
0%
Guaraní
0%
Kinyarwanda
0%
Maldivian
0%
Marshallese
0%
Romansh
0%
Shona
0%
Sinhala
0%
Tetum
0%
Tsonga
0%
No matching quizzes found
Score Distribution
Percent of People with Each Score
Percentile by Number Answered
Your Score History
You have not taken this quiz